Lenguas de Panamá. Tomo V: La estructura del dialogo en el discurso narrativo
Uloženo v:
| Médium: | Kniha |
|---|---|
| Jazyk: | Undetermined |
| Vydáno: |
Panamá, Panamá
Instituto Nacional de Cultura
1978
|
| Témata: | |
| Tagy: |
Přidat tag
Žádné tagy, Buďte první, kdo vytvoří štítek k tomuto záznamu!
|
MARC
| LEADER | 00000nam a2200000Ia 4500 | ||
|---|---|---|---|
| 008 | 170316s9999 xx 000 0 und d | ||
| 090 | |a 410 L-24Les | ||
| 245 | |a Lenguas de Panamá. Tomo V: La estructura del dialogo en el discurso narrativo | ||
| 260 | |a Panamá, Panamá | ||
| 260 | |b Instituto Nacional de Cultura | ||
| 260 | |c 1978 | ||
| 300 | |a 77 páginas | ||
| 650 | |a LINGÜÍSTICA | ||
| 650 | |a DISCURSO BOKOTA | ||
| 650 | |a DISCURSO NARRATIVO TERIBE | ||
| 650 | |a DIALECTO HINDOSTAN - SURINAM | ||
| 999 | |c 18554 |d 18554 | ||
| 040 | |a cru BVZT | ||
| 942 | |c 15 D |h 410 L-24Les |2 z | ||
